I ragazzi dei vicoli

Đã lưu trong:
Chi tiết về thư mục
Tác giả chính: Serhane Abdelhak
Định dạng: Sách
Ngôn ngữ:Tiếng không xác định
Được phát hành: Roma- - Napoli Theoria 1992
Các nhãn: Thêm thẻ
Không có thẻ, Là người đầu tiên thẻ bản ghi này!

MARC

LEADER 00000nam a2200000Ia 4500
001 774
003 NUMERAZIONE-ORIGINALE-BRESCIA
005 20260206230754.0
008 260206s9999 xx 000 0 und d
100 |a Serhane Abdelhak 
245 0 |a I ragazzi dei vicoli 
260 |a Roma- - Napoli 
260 |b Theoria 
260 |c 1992 
500 |a Confini 
942 |2 ddc  |c BK  |n 0 
952 |0 0  |1 0  |2 ddc  |4 0  |6 32  |7 0  |9 28660  |a BS  |b BS  |d 2026-02-06  |i 774  |l 0  |o 3-2-*  |r 2026-02-06 22:40:39  |w 2026-02-06  |x [REVISIONARE]  |y BK 
999 |c 24318  |d 24318